| 000 | 00803nam a22002417a 4500 | ||
|---|---|---|---|
| 999 |
_c13779 _d13779 |
||
| 003 | MIRAKIL | ||
| 005 | 20211214000618.0 | ||
| 008 | 200219b tu ||||| |||| 00| 0 tur d | ||
| 020 | _a9786055099053 | ||
| 040 |
_aTR-AnCHP _cTR-AnCHP |
||
| 041 | _atur | ||
| 082 |
_a384.5509561 _bA71t [2013?] |
||
| 100 | _aAşçı, Mustafa | ||
| 245 | 1 | 0 |
_aTürkiye rant televizyonu TRT : _bçiftlikteki elektrik kaçağı / _cMustafa Aşçı. |
| 246 | _açiftlikteki elektrik kaçağı | ||
| 260 |
_aİstanbul: _bPuslu yayıncılık, _c[2013?]. |
||
| 300 |
_a287 s.: _c21 sm. |
||
| 490 | 0 |
_aPuslu yayıncılık; _aİnceleme-araştırma; _v29. _v1. |
|
| 650 | 0 |
_aSiyaset ve yönetim _xTürkiye _99 |
|
| 650 | 0 |
_96292 _aBasın _xyolsuzluklar _zTürkiye |
|
| 740 | _açiftlikteki elektrik kaçağı | ||
| 942 |
_2ddc _cBKS |
||